Poesías líricas ; (Record no. 198364)
[ view plain ]
| 000 -LEADER | |
|---|---|
| campo de control de longitud fija | 01215nam a2200361 i 4500 |
| 001 - NÚMERO DE CONTROL | |
| campo de control | 198364 |
| 003 - IDENTIFICADOR DE NÚMERO DE CONTROL | |
| campo de control | ES-MaACL |
| 005 - FECHA Y HORA DE LA ÚLTIMA TRANSACCIÓN | |
| campo de control | 20260525145349.0 |
| 007 - CAMPO FIJO DE DESCRIPCIÓN FÍSICA--INFORMACIÓN GENERAL | |
| campo de control de longitud fija | ta |
| 008 - DATOS DE LONGITUD FIJA--INFORMACIÓN GENERAL | |
| campo de control de longitud fija | 260525s1980 sp ||||| |||| 001 1 spa d |
| 017 ## - NÚMERO DE COPYRIGHT O DE DEPÓSITO LEGAL | |
| Número de copyright o de depósito legal | M 13550-1980 |
| Agencia que asigna | Oficina Depósito Legal Madrid |
| 020 ## - NÚMERO INTERNACIONAL ESTÁNDAR DEL LIBRO | |
| Número Internacional Estándar del Libro | 84-239-0917-4 |
| 040 ## - FUENTE DE CATALOGACIÓN | |
| Centro catalogador/agencia de origen | ES-MaACL |
| Lengua de catalogación | spa |
| Centro/agencia transcriptor | ES-MaACL |
| Normas de descripción | rda |
| 080 ## - NÚMERO DE LA CLASIFICACIÓN DECIMAL UNIVERSAL | |
| Número de la Clasificación Decimal Universal | 821.134.2-19"18" |
| 100 1# - ENTRADA PRINCIPAL--NOMBRE DE PERSONA | |
| Relación | aut |
| Nombre de persona | Espronceda, José de |
| Término indicativo de función/relación | Autor |
| 9 (RLIN) | 243111 |
| 240 10 - TÍTULO UNIFORME | |
| Título uniforme | Poesías líricas |
| 9 (RLIN) | 243110 |
| 245 10 - MENCIÓN DEL TÍTULO | |
| Título | Poesías líricas ; |
| Resto del título | El estudiante de Salamanca / |
| Mención de responsabilidad, etc. | José de Espronceda |
| 250 ## - MENCION DE EDICION | |
| Mención de edición | Novena edición |
| 264 #1 - PRODUCCIÓN, PUBLICACIÓN, DISTRIBUCIÓN, FABRICACIÓN Y COPYRIGHT | |
| Producción, publicación, distribución, fabricación y copyright | Madrid : |
| Nombre del de productor, editor, distribuidor, fabricante | Espasa-Calpe, |
| Fecha de producción, publicación, distribución, fabricación o copyright | 1980 |
| 300 ## - DESCRIPCIÓN FÍSICA | |
| Extensión | 150 páginas ; |
| Dimensiones | 18 cm |
| 336 ## - TIPO DE CONTENIDO | |
| Fuente | rdacontent |
| Término de tipo de contenido | Texto |
| 337 ## - TIPO DE MEDIO | |
| Fuente | rdamedia |
| Nombre/término del tipo de medio | sin mediación |
| 338 ## - TIPO DE SOPORTE | |
| Fuente | rdacarrier |
| Nombre/término del tipo de soporte | volumen |
| 490 0# - MENCIÓN DE SERIE | |
| Mención de serie | Colección Austral. |
| Nombre de parte o sección de la obra | Serie Violeta ; |
| Designación de volumen o secuencia | 917 |
| 500 ## - NOTA GENERAL | |
| Nota general | Registro provisional |
| 500 ## - NOTA GENERAL | |
| Nota general | Índice |
| 655 #4 - TERMINO DE INDIZACIÓN--GENERO/FORMA | |
| Datos o término principal de género/forma | Poesías |
| 9 (RLIN) | 176539 |
| 700 1# - ENTRADA AGREGADA--NOMBRE PERSONAL | |
| Nombre de persona | Espronceda, José de, |
| Fechas asociadas al nombre | 1808-1842. |
| Título de la obra | El estudiante de Salamanca |
| 9 (RLIN) | 241986 |
| 852 ## - LOCALIZACIÓN | |
| Ubicación | ES-MaACL |
| Ubicación en estantería | Despachos-biblioteca |
| Número de control de estantería | DB-194 |
| Donativo/Legado | Donación: J. Porto |
| Encuadernación | Encuadernación rústica |
| itemnumber | 207346 |
| 942 ## - ELEMENTOS DE ENTRADA SECUNDARIOS (KOHA) | |
| Tipo de ítem Koha | Libro impreso |
| Suprimir en OPAC | No |
| Estatus retirado | Estado de pérdida | Fuente del sistema de clasificación o colocación | Estado de daño | No para préstamo | Biblioteca de origen | Biblioteca actual | Ubicación en estantería | Fecha de adquisición | Fuente de adquisición | Total de préstamos | Signatura topográfica completa | Código de barras | Visto por última vez | Precio de reemplazo | Tipo de ítem Koha |
|---|---|---|---|---|---|---|---|---|---|---|---|---|---|---|---|
| Clasificación decimal universal | Biblioteca del Ateneo de Madrid | Biblioteca del Ateneo de Madrid | Despachos-biblioteca | 25/05/2026 | Donación | DB-194 | 2026-0338 | 25/05/2026 | 25/05/2026 | Libro impreso |
